[Event "Stuttgart-chB int"]
[Site "Ditzingen"]
[Date "2014.05.29"]
[Round "1"]
[White "Toelg, Wolfgang"]
[Black "Lehnhardt, Julian"]
[Result "1-0"]
[WhiteElo "1772"]
[BlackElo "1593"]
[PlyCount "59"]
[EventDate "2014.05.29"]
[EventType "swiss"]
[EventRounds "7"]
[EventCountry "GER"]
[SourceTitle "EXT 2015"]
[Source "ChessBase"]
[SourceDate "2014.11.20"]
[SourceVersion "1"]
[SourceVersionDate "2014.11.20"]
[SourceQuality "1"]

1. e4 e5 2. f4 Nc6 3. Nf3 d6 4. Bc4 Be7 5. 0-0 Nf6 6. Nc3 exf4 7. d4 Bg4 8. Bxf4 Nxe4 9. Nxe4 d5 10. Nc3 dxc4 11. d5 Bc5+ 12. Kh1 Ne7 13. Qe2 Bd6 14. Bxd6 Qxd6 15. Qxc4 Bxf3 16. Rxf3 Rd8 17. Nb5 Qe5 18. Nxc7+ Kd7 19. d6 Nc6 20. Rxf7+ Kc8 21. Na6 Qxd6 22. Rc7+ Qxc7 23. Nxc7 Kxc7 24. Rf1 Rd7 25. h3 Rhd8 26. c3 Kb8 27. Rf2 h5 28. Qh4 g6 29. Qg5 Ne7 30. Rf7 1-0

[Event "Stuttgart-chB int"]
[Site "Ditzingen"]
[Date "2013.05.10"]
[Round "4"]
[White "Degenhard, Simon"]
[Black "Lehnhardt, Julian"]
[Result "1/2-1/2"]
[WhiteElo "1711"]
[BlackElo "1425"]
[PlyCount "47"]
[EventDate "2013.05.09"]
[EventType "swiss"]
[EventRounds "7"]
[EventCountry "GER"]
[SourceTitle "EXT 2014"]
[Source "ChessBase"]
[SourceDate "2013.11.20"]
[SourceVersion "1"]
[SourceVersionDate "2013.11.20"]
[SourceQuality "1"]

1. e4 e6 2. d4 Nf6 3. Nc3 d5 4. e5 Nfd7 5. f4 Bb4 6. Nf3 c5 7. a3 Bxc3+ 8. bxc3 c4 9. Be2 Nc6 10. Bd2 Ne7 11. h4 Nf5 12. g4 Ng3 13. Rg1 Ne4 14. Ng5 Nxg5 15. hxg5 g6 16. Rh1 b5 17. Bf3 Bb7 18. Qe2 Qe7 19. Rh6 a5 20. Qh2 Nf8 21. Qh3 Rc8 22. f5 Rg8 23. Ke2 Rc6 24. f6 1/2-1/2